[Event "First Saturday FM-A Dec 2013"]
[Site "Budapest"]
[Date "2013.12.14"]
[Round "7.2"]
[White "Szalanczy, Emil"]
[Black "Furedi, Erik"]
[Result "1/2-1/2"]
[WhiteElo "2245"]
[BlackElo "1989"]
[PlyCount "140"]
[EventDate "2013.12.07"]

1. e4 e5 2. Nf3 Nc6 3. Bb5 g6 4. d4 Nxd4 5. Nxd4 exd4 6. Qxd4 Qf6 7. e5 Qb6 8.
Qxb6 axb6 9. Nc3 Bg7 10. O-O Ne7 11. Bg5 c6 12. Bf6 Bxf6 13. exf6 Ng8 14. Ne4
cxb5 15. Rfd1 Nh6 16. Nd6+ Kd8 17. Rd3 Rf8 18. Nxb5 Ng4 19. Rd6 Re8 20. h3 Rxa2
21. Rad1 Ne5 22. b3 Rxc2 23. Nd4 Rc5 24. Rxb6 Rd5 25. Rb5 Rxb5 26. Nxb5 Re6 27.
f4 Nc6 28. Rd6 Re4 29. g3 Na5 30. Rd5 Re6 31. Nd6 Rxf6 32. Nxc8 Nxb3 33. Nd6 b6
34. Kg2 Na5 35. Kf3 Nc6 36. g4 Ne7 37. Rd2 Nc8 38. Ne4 Rc6 39. g5 Re6 40. Nf6
Nd6 41. h4 b5 42. Rd1 b4 43. Rd4 b3 44. Rb4 Nf5 45. Kf2 Rc6 46. Rxb3 Rc2+ 47.
Ke1 Nxh4 48. Rd3 Rc7 49. Kf2 Nf5 50. Nxh7 Rc2+ 51. Kg1 Rc4 52. Nf6 d6 53. Nd5
Ne7 54. Nf6 Rxf4 55. Rxd6+ Kc8 56. Kg2 Rf5 57. Nh7 Nd5 58. Kg3 Kc7 59. Ra6 Kd7
60. Kg4 Ke7 61. Kg3 Nc7 62. Rb6 Ne6 63. Kg4 Rf1 64. Rb7+ Kd6 65. Kg3 Rg1+ 66.
Kf2 Rg4 67. Rxf7 Rf4+ 68. Rxf4 Nxf4 69. Nf8 Ne6 70. Nxg6 Nxg5 1/2-1/2

[Event "First Saturday FM-A Dec 2013"]
[Site "Budapest"]
[Date "2013.12.14"]
[Round "7.3"]
[White "Lukacs, Albert"]
[Black "Gal, Hanna Krisztina"]
[Result "0-1"]
[WhiteElo "1938"]
[BlackElo "2074"]
[PlyCount "79"]
[EventDate "2013.12.07"]

1. e4 c5 2. Nc3 e6 3. g3 d5 4. exd5 exd5 5. Bg2 Nf6 6. d3 Be7 7. Nh3 d4 8. Ne2
O-O 9. O-O Nc6 10. a3 Bg4 11. f3 Bd7 12. c4 dxc3 13. g4 cxb2 14. Bxb2 Nd5 15.
Qc1 Na5 16. Rb1 Rc8 17. Nc3 Nxc3 18. Bxc3 Bf6 19. Nf2 Ba4 20. f4 Nb3 21. Qb2
Bxc3 22. Qxc3 Nd4 23. Rfe1 b6 24. Re3 Nb5 25. Qc1 Re8 26. Be4 Qd4 27. Rh3 h6
28. g5 Nc3 29. Rb2 Nxe4 30. dxe4 hxg5 31. Rd2 Qf6 32. f5 Qe5 33. Rd5 Qf4 34.
Qc3 Bc6 35. Rf3 Qc7 36. f6 Bxd5 37. exd5 Qe5 38. Qb3 c4 39. Qa4 Qxd5 40. Kg2
0-1

[Event "First Saturday FM-A Dec 2013"]
[Site "Budapest"]
[Date "2013.12.14"]
[Round "7.4"]
[White "Kaufmann, Attila"]
[Black "Juhasz, Bela"]
[Result "1/2-1/2"]
[WhiteElo "1970"]
[BlackElo "2141"]
[PlyCount "25"]
[EventDate "2013.12.07"]

1. d4 Nf6 2. Nf3 e6 3. c4 c5 4. e3 d5 5. Nc3 Be7 6. dxc5 Bxc5 7. cxd5 exd5 8.
a3 O-O 9. Be2 Nc6 10. b4 Bb6 11. O-O Re8 12. Bb2 Bc7 13. Nb5 1/2-1/2

[Event "First Saturday FM-A Dec 2013"]
[Site "Budapest"]
[Date "2013.12.14"]
[Round "7.5"]
[White "Bohus, Adam"]
[Black "Steer, Jozsef"]
[Result "0-1"]
[WhiteElo "2013"]
[BlackElo "1914"]
[PlyCount "106"]
[EventDate "2013.12.07"]

1. d4 d5 2. Nf3 Nf6 3. c4 c6 4. e3 Bf5 5. Nc3 e6 6. Nh4 Bg6 7. Nxg6 hxg6 8. a3
Nbd7 9. g3 dxc4 10. Bg2 Nb6 11. O-O Be7 12. e4 O-O 13. Be3 Rc8 14. Qe2 Rc7 15.
a4 Rd7 16. a5 Nc8 17. h3 Bb4 18. Bg5 Be7 19. Be3 Bb4 20. a6 b5 21. g4 Bxc3 22.
bxc3 Nb6 23. Qc2 Re8 24. f4 Qc7 25. Rf2 Na4 26. f5 gxf5 27. gxf5 exf5 28. Rxf5
Nxe4 29. Bf4 Nd6 30. Rf1 Re6 31. Rh5 Rg6 32. Qf2 Qd8 33. Kh1 Nxc3 34. Bxd6
Rgxd6 35. Qc2 g6 36. Re5 Nd5 37. Rfe1 Nf6 38. Qf2 Kg7 39. Rf1 Qb6 40. Rc5 Qxa6
41. Qh4 Qc8 42. Qg5 Re7 43. Rf4 Rde6 44. d5 Re1+ 45. Kh2 Ng8 46. Rxc6 Qd8 47.
d6 Rd7 48. Qg3 Re6 49. Rd4 Nh6 50. Rd5 Qf6 51. Rxb5 Rexd6 52. Rc8 Rd3 53. Qe1
Qf4+ 0-1

[Event "First Saturday FM-A Dec 2013"]
[Site "Budapest"]
[Date "2013.12.15"]
[Round "8.1"]
[White "Nagy, Aron"]
[Black "Steer, Jozsef"]
[Result "1/2-1/2"]
[WhiteElo "2127"]
[BlackElo "1914"]
[PlyCount "101"]
[EventDate "2013.12.07"]

1. Nf3 Nf6 2. c4 c6 3. g3 d5 4. Bg2 dxc4 5. O-O Bf5 6. Na3 e6 7. Nxc4 Nbd7 8.
d3 Nb6 9. Nce5 Bd6 10. e4 Bg4 11. Nxg4 Nxg4 12. d4 h5 13. h3 Nh6 14. a4 Qe7 15.
a5 Nd7 16. a6 b6 17. e5 Bb4 18. Bg5 Qf8 19. Ne1 Rc8 20. Nd3 Nf5 21. Rc1 Be7 22.
Be3 Bd8 23. Bxc6 Qe7 24. Qa4 Nxe3 25. fxe3 Rc7 26. Bxd7+ Rxd7 27. Qb4 Qg5 28.
Rf3 Qg6 29. Qb5 h4 30. g4 Rf8 31. Rcf1 Qe4 32. Nb4 Bg5 33. Nc6 Bxe3+ 34. Kh1
Rd5 35. Qa4 b5 36. Qa3 Rd7 37. Nb8 Rd8 38. Qxe3 Qxe3 39. Rxe3 Rxb8 40. Rc3 Kd7
41. Rcf3 Ke7 42. g5 g6 43. Rf4 Rb6 44. Ra1 Rc8 45. Rxh4 Rbc6 46. Rf1 Rc1 47.
Rhf4 Rxf1+ 48. Rxf1 Rc2 49. Rb1 Rd2 50. Rc1 Kd7 51. Rf1 1/2-1/2

[Event "First Saturday FM-A Dec 2013"]
[Site "Budapest"]
[Date "2013.12.15"]
[Round "8.2"]
[White "Juhasz, Bela"]
[Black "Bohus, Adam"]
[Result "0-1"]
[WhiteElo "2141"]
[BlackElo "2013"]
[PlyCount "84"]
[EventDate "2013.12.07"]

1. d4 d5 2. c4 dxc4 3. Nf3 a6 4. a4 Nf6 5. e3 e6 6. Bxc4 c5 7. O-O b6 8. Qe2
Bb7 9. Rd1 Nbd7 10. Nc3 Qc7 11. d5 exd5 12. Nxd5 Nxd5 13. Bxd5 Bxd5 14. Rxd5
Be7 15. e4 O-O 16. e5 Qc6 17. Rd3 b5 18. Bg5 c4 19. Rd4 Bc5 20. Rg4 Rfe8 21.
Re1 Nf8 22. h4 Kh8 23. Qd2 Ra7 24. h5 Rd7 25. Bf6 Rxd2 26. Bxg7+ Kg8 27. Bf6+
Ng6 28. hxg6 hxg6 29. Nxd2 Qd7 30. Ne4 Qxg4 31. Nxc5 b4 32. Ne4 Re6 33. Re3
Qd1+ 34. Kh2 Rxe5 35. f4 Rf5 36. Bg5 Rxg5 37. fxg5 Kg7 38. Rh3 Qd4 39. Rh4 c3
40. bxc3 bxc3 41. g3 c2 42. Nf6 Qxh4+ 0-1

[Event "First Saturday FM-A Dec 2013"]
[Site "Budapest"]
[Date "2013.12.15"]
[Round "8.3"]
[White "Gal, Hanna Krisztina"]
[Black "Kaufmann, Attila"]
[Result "1-0"]
[WhiteElo "2074"]
[BlackElo "1970"]
[PlyCount "65"]
[EventDate "2013.12.07"]

1. e4 c6 2. d4 d5 3. Nd2 dxe4 4. Nxe4 Bf5 5. Ng3 Bg6 6. h4 h6 7. Nf3 Nd7 8. h5
Bh7 9. Bd3 Bxd3 10. Qxd3 Ngf6 11. Bf4 Qa5+ 12. Bd2 Qc7 13. O-O-O e6 14. Ne4
Nxe4 15. Qxe4 Nf6 16. Qe2 O-O-O 17. g3 Bd6 18. c4 c5 19. Bc3 Kb8 20. Kb1 Ka8
21. Ne5 Rhe8 22. f4 Re7 23. dxc5 Qxc5 24. Rd2 Qc8 25. Rhd1 Bc7 26. Bb4 Rde8 27.
Bxe7 Rxe7 28. g4 a6 29. g5 hxg5 30. fxg5 Ng8 31. Rd7 Rxd7 32. Nxd7 Bd8 33. Qf2
1-0

[Event "First Saturday FM-A Dec 2013"]
[Site "Budapest"]
[Date "2013.12.15"]
[Round "8.4"]
[White "Furedi, Erik"]
[Black "Lukacs, Albert"]
[Result "1-0"]
[WhiteElo "1989"]
[BlackElo "1938"]
[PlyCount "68"]
[EventDate "2013.12.07"]

1. e4 c5 2. Nf3 Nc6 3. d4 cxd4 4. Nxd4 d6 5. c4 Nf6 6. Nc3 g6 7. Be2 Bg7 8. Be3
Bd7 9. O-O Qc8 10. f3 O-O 11. Rc1 Be6 12. Qd2 Re8 13. b3 Qd7 14. Rfd1 Rad8 15.
Ncb5 Rf8 16. Nxe6 fxe6 17. Nxa7 Nxa7 18. Bxa7 Nh5 19. Bb6 Rc8 20. Be3 Rcd8 21.
f4 Nf6 22. Bf3 e5 23. Bb6 exf4 24. Bxd8 Qxd8 25. Qxf4 Qb6+ 26. Kh1 Nd7 27. Qd2
Qc7 28. Bg4 Be5 29. Bxd7 Qxd7 30. Rf1 Bf6 31. Rce1 Qg4 32. Rf3 Kg7 33. Qe2 Rc8
34. Rd3 Qh4 1-0

[Event "First Saturday FM-A Dec 2013"]
[Site "Budapest"]
[Date "2013.12.16"]
[Round "9.1"]
[White "Szalanczy, Emil"]
[Black "Nagy, Aron"]
[Result "1/2-1/2"]
[WhiteElo "2245"]
[BlackElo "2127"]
[PlyCount "58"]
[EventDate "2013.12.07"]

1. e4 c5 2. Nf3 d6 3. d4 cxd4 4. Nxd4 Nf6 5. Nc3 g6 6. Be3 Bg7 7. f3 O-O 8. Bc4
Nc6 9. Qd2 Bd7 10. Bb3 Ne5 11. h4 Rc8 12. h5 Nxh5 13. O-O-O Qa5 14. Nd5 Qxd2+
15. Rxd2 Rfe8 16. g4 Nf6 17. Rdh2 Nc4 18. Bf2 Nxd5 19. exd5 h6 20. c3 b5 21.
Nc2 Ne5 22. Ne1 a5 23. Bd4 a4 24. Bc2 f5 25. Rxh6 Bxh6+ 26. Rxh6 Kf7 27. gxf5
Bxf5 28. f4 Ng4 29. Rh7+ Kg8 1/2-1/2

[Event "First Saturday FM-A Dec 2013"]
[Site "Budapest"]
[Date "2013.12.16"]
[Round "9.2"]
[White "Lukacs, Albert"]
[Black "Berta, Sandor"]
[Result "0-1"]
[WhiteElo "1938"]
[BlackElo "1969"]
[PlyCount "60"]
[EventDate "2013.12.07"]

1. e4 Nf6 2. e5 Nd5 3. c4 Nb6 4. c5 Nd5 5. Nf3 d6 6. d4 c6 7. Nc3 dxc5 8. Nxd5
Qxd5 9. Be3 Bg4 10. Be2 cxd4 11. Bxd4 e6 12. O-O Be7 13. h3 Bh5 14. b3 O-O 15.
Bc4 Bxf3 16. gxf3 Qd8 17. Kh1 c5 18. Bc3 Nc6 19. Qc2 Qc7 20. Rae1 Rfd8 21. Bd3
g6 22. Rg1 Bf8 23. h4 Nd4 24. Bxd4 Rxd4 25. Rg4 Rad8 26. Be4 Rd2 27. Qb1 Rxf2
28. Reg1 Qxe5 29. f4 Rxf4 30. Bxg6 fxg6 0-1

[Event "First Saturday FM-A Dec 2013"]
[Site "Budapest"]
[Date "2013.12.16"]
[Round "9.3"]
[White "Kaufmann, Attila"]
[Black "Furedi, Erik"]
[Result "0-1"]
[WhiteElo "1970"]
[BlackElo "1989"]
[PlyCount "112"]
[EventDate "2013.12.07"]

1. d4 d5 2. c4 e6 3. Nf3 Nf6 4. Nc3 Be7 5. Bg5 O-O 6. e3 h6 7. Bf4 a6 8. Bd3 b6
9. O-O Bb7 10. cxd5 exd5 11. Rc1 Nbd7 12. Ne5 c5 13. Bb1 Re8 14. Qd3 Nf8 15. h3
c4 16. Qc2 b5 17. a3 Bd6 18. Rcd1 Qb6 19. Ne2 Bxe5 20. Bxe5 N6d7 21. Bh2 a5 22.
Nf4 b4 23. Qf5 Nf6 24. Qc2 Rac8 25. Ne2 Ne4 26. f3 Nf6 27. Kf2 Ba6 28. Rfe1 Bb5
29. Ng3 Qc6 30. Qc1 bxa3 31. bxa3 c3 32. Bc2 Ne6 33. Kg1 Rcd8 34. Kh1 Rd7 35.
Nf5 Nf8 36. Be5 Ng6 37. Bxf6 Qxf6 38. e4 dxe4 39. fxe4 Qa6 40. Qe3 Rc7 41. e5
Re6 42. Qg3 Be2 43. Rb1 a4 44. Rb4 Bc4 45. Rxa4 Qc6 46. Rb4 Bd5 47. h4 Qe8 48.
h5 Qf8 49. Nd6 Ne7 50. Reb1 Nc6 51. Qxc3 Qd8 52. Bd1 Nxb4 53. Qxb4 Qh4+ 54. Kg1
Qg5 55. Qb2 Rxd6 56. exd6 Rb7 0-1

[Event "First Saturday FM-A Dec 2013"]
[Site "Budapest"]
[Date "2013.12.16"]
[Round "9.4"]
[White "Bohus, Adam"]
[Black "Gal, Hanna Krisztina"]
[Result "1-0"]
[WhiteElo "2013"]
[BlackElo "2074"]
[PlyCount "137"]
[EventDate "2013.12.07"]

1. d4 d5 2. Nf3 c5 3. c4 e6 4. cxd5 exd5 5. Nc3 Nc6 6. g3 Nf6 7. Bg2 Be7 8. O-O
O-O 9. dxc5 Bxc5 10. a3 Re8 11. b4 Bf8 12. Bb2 Bg4 13. h3 Bh5 14. Qb3 Qd7 15.
Rad1 Rad8 16. Rd2 Bg6 17. Rfd1 Qc8 18. e3 Be4 19. Nxe4 dxe4 20. Ng5 Qc7 21.
Rxd8 Nxd8 22. Bxf6 gxf6 23. Nxe4 Re6 24. Qc3 Qxc3 25. Nxc3 Rd6 26. Rxd6 Bxd6
27. Kf1 Be5 28. Nb5 Bb2 29. a4 a6 30. Nd6 b6 31. Nc4 Bc3 32. b5 axb5 33. axb5
Ne6 34. Nxb6 Nc7 35. Bc6 Kf8 36. Nc4 Ke7 37. Ke2 Bb4 38. g4 Bc3 39. Kd3 Be1 40.
f4 Bb4 41. Ke4 Bc3 42. Kf3 Bb4 43. f5 Bc3 44. Ke4 Be1 45. Kd3 Bb4 46. Kd4 Kd8
47. Nb2 Ke7 48. Nd3 Ba3 49. Nc5 Kd6 50. Ne4+ Ke7 51. Nd2 Bb4 52. Nc4 Kd8 53.
Ke4 Ke7 54. Kf4 h6 55. Ke4 Bc3 56. Kd3 Bb4 57. Kc2 Kd8 58. Kb3 Be1 59. Ka4 Ke7
60. Bb7 Ne8 61. b6 Nd6 62. Nxd6 Kxd6 63. Kb5 Bf2 64. e4 Bg3 65. Bd5 Ke7 66. Kc6
Be5 67. Kb7 Bd4 68. Kc7 Be5+ 69. Kc8 1-0

[Event "First Saturday FM-A Dec 2013"]
[Site "Budapest"]
[Date "2013.12.16"]
[Round "9.5"]
[White "Steer, Jozsef"]
[Black "Juhasz, Bela"]
[Result "0-1"]
[WhiteElo "1914"]
[BlackElo "2141"]
[PlyCount "116"]
[EventDate "2013.12.07"]

1. e4 c5 2. Nf3 e6 3. d4 cxd4 4. Nxd4 a6 5. c4 Nf6 6. Bd3 d6 7. Nc3 g6 8. Be3
Bg7 9. h3 Nbd7 10. Qd2 Ne5 11. O-O O-O 12. b3 Qc7 13. Rac1 b6 14. Bb1 Bb7 15.
f4 Ned7 16. Nde2 Rad8 17. Ng3 h5 18. f5 h4 19. fxe6 fxe6 20. Nge2 Nh5 21. Nd4
Rde8 22. Rxf8+ Nxf8 23. Nf3 Ng3 24. Bd4 b5 25. Bxg7 Kxg7 26. Bd3 bxc4 27. Bxc4
Qc5+ 28. Kh2 Rc8 29. Re1 Rc7 30. Na4 Qc6 31. Nc3 Qc5 32. Qf4 Rf7 33. Qd2 Qc7
34. Kg1 Qe7 35. Re3 Nd7 36. Qd4+ Nf6 37. Ng5 Bc8 38. Nxf7 Kxf7 39. e5 dxe5 40.
Qxe5 Nf5 41. Rf3 Bb7 42. Rf1 Nd7 43. Rxf5+ gxf5 44. Qxf5+ Nf6 45. Qf2 Qa3 46.
Nd1 Qc1 47. Be2 Qg5 48. Ne3 Kg7 49. Bf3 Ne4 50. Bxe4 Bxe4 51. Ng4 Kg6 52. a4 a5
53. Qe1 Qc5+ 54. Kh1 Qc2 55. Nf2 Bd5 56. Kg1 Qxb3 57. Qxa5 Qg3 58. Kf1 Bxg2+
0-1